Chaîne de mots - Villes d'Asie - Statistiques

Statistiques générales
  • Ce quiz a été pris 69 fois
  • Le résultat moyen est 12 sur 20
Statistiques - réponses
Indices Villes % Correct
Choisie en 1959 pour succéder à Karachi en tant que capitale de son pays ISLAMABAD
89%
Capitale et principale ville du Kirghizistan BICHKEK
87%
Dans les contreforts de l'Himalaya / Haut lieu de la vague Hippie KATMANDOU
87%
Deuxième ville la plus peuplée de son pays après Hô Chi Minh-Ville HANOI
85%
En Galilée / Enfance de Jésus Christ NAZARETH
81%
Capitale et principale ville du Turkménistan ACHGABAT
79%
Capitale de la Province du Hubei / Une des origines du Covid 19 WUHAN
77%
Deuxième ville la plus peuplée du Liban / Porte le même nom qu'une capitale d'Afrique TRIPOLI
72%
Station balnéaire du Sud de la Thaïlande / Paradisiaque PHUKET
68%
Au Nord-Ouest de la Syrie / Importantes destructions de 2012 à 2016 ALEP
64%
Ancien chef lieu du Pakistan Oriental / Capitale surpeuplée DACCA / DHAKA
60%
Capitale du Myanmar depuis 2005 NAYPYIDAW
58%
Ville du Yémen / Nom du Golfe entre la corne de l'Afrique et la péninsule arabique ADEN
55%
Forme une conurbation avec Kobe et Kyoto / Baie qui porte son nom OSAKA
51%
Au Sud de Téhéran / A été Capitale de l'Empire Perse ISPAHAN
43%
Île Honshu / JO d'Hiver de 1998 NAGANO
42%
Île Honshu / 1er port industriel de son pays / Protocole NAGOYA
36%
Située sur la côte Méditerranéenne, au cœur de la Métropole du Gush Dan TEL AVIV
36%
Ville portuaire dans le Sud-Est de la Corée du Sud / Berceau du chaebol Hyundai ULSAN
23%
Capitale située face à la Thaïlande, de l'autre côté du Mékong VENTIANE
21%
Aucun quiz correspondant
Distribution des résultats
% des personnes avec chaque résultat
Percentile par nombre de réponses
Votre historique - résultats
Vous n’avez pas pris ce quiz